000 01004cab a2200217 4500
001 ABS68200
008 040930n2004 000 0 eng u
035 _a(Sirsi) u127583
100 _aBirkby, G.
245 _aThrowing light on procurement
260 _c2004
490 _aProject
_v17(4) August/September 2004, 16-17(2)
520 _aSummarises the main points of the EU procurement rules. The initial EU directives have been incorporated into English law and are known as the Public Procurement Regulations. Briefly outlines some recent cases which can give guidance on the application of the regulations. States recently issued amended directives will allow for e-auctioning and other more up-to-date means of tendering. This will lead to new public procurement regulations being issued.
590 _aABS
650 _aEU PROCUREMENT
650 _aPUBLIC PROCUREMENT REGULATIONS
650 _aELECTRONIC AUCTIONEERING
650 _aEUROPE
690 _aProcurement
_96260
942 _n0
999 _c74553
_d74553